00798nam a2200169 a 4500040000800000082002600008110003800034245026000072260005500332300004000387500002000427650001500447650001000462942001000472999001700482952012900499 cDLC00a634 NAT 1984 C154 Or.2 aNational Research Council (U.S.).10aCasuarinas, nitrogen-fixing trees for adverse sites :breport of an ad hoc panel of the Advisory Committee on Technology Innovation, Board on Science and Technology for International Development, Office of International Affairs, National Research Council. aWashington, D.C. :bNational Academy Press,c1984. avii, 118 p. :bill., maps ;c23 cm. aIncludes index. 0aCasuarina. 0aTrees cAEDBB c18910d18910 0010406634_000000000000000_NAT_1984_C154_OR70983612aLBCbLBCd2020-02-11eA39210o634 NAT 1984 C154 Or.r2020-02-11yEK